Mystery XI #14 - Statistics

General Stats
  • This quiz has been taken 311 times
  • The average score is 9 of 11
Answer Stats
Answer % Correct
Gianluigi Buffon
97%
Cristiano Ronaldo
95%
Alvaro Morata
89%
Leonardo Bonucci
88%
Matthijs de Ligt
88%
Juan Cuadrado
87%
Weston McKennie
79%
Aaron Ramsey
73%
Arthur Melo
57%
Danilo
53%
Alex Sandro
48%
No matching quizzes found
Score Distribution
Percent of People with Each Score
Percentile by Number Answered
Your Score History
You have not taken this quiz